00371nam a2200133Ia 4500008004100000020001500041041001200056082001600068100001600084245007300100260004200173300000900215650001300224221030s9999 xx 000 0 und d a818574937X aEnglish a105.23bGup aJ. B. Gupta 0aFundamentals of Electrical Engineering & Electronicscby J. B. Gupta bS. K. Kataria & SonsaNew Delhic1999 a1049 aECE & EE